Architectural drafting and design / (Record no. 11874)

000 -LEADER
fixed length control field 01265pam a2200313 a 4500
001 - CONTROL NUMBER
control field 2089365
005 - DATE AND TIME OF LATEST TRANSACTION
control field 20220609095354.0
008 - FIXED-LENGTH DATA ELEMENTS--GENERAL INFORMATION
fixed length control field 951004s1996 nyua 001 0 eng
010 ## - LIBRARY OF CONGRESS CONTROL NUMBER
LC control number 95043569
020 ## - INTERNATIONAL STANDARD BOOK NUMBER
International Standard Book Number 082736749X
040 ## - CATALOGING SOURCE
Original cataloging agency DLC
Transcribing agency DLC
Modifying agency DLC
050 00 - LIBRARY OF CONGRESS CALL NUMBER
Classification number NA2700
Item number .J44 1996
082 00 - DEWEY DECIMAL CLASSIFICATION NUMBER
Classification number 720/.28/4
Edition number 20
100 1# - MAIN ENTRY--PERSONAL NAME
Personal name Jefferis, Alan.
245 10 - TITLE STATEMENT
Title Architectural drafting and design /
Statement of responsibility, etc. Alan Jefferis, David Madsen.
250 ## - EDITION STATEMENT
Edition statement 3rd ed.
260 ## - PUBLICATION, DISTRIBUTION, ETC. (IMPRINT)
Place of publication, distribution, etc. Albany, N.Y. :
Name of publisher, distributor, etc. Delmar,
Date of publication, distribution, etc. c1996.
300 ## - PHYSICAL DESCRIPTION
Extent xxi, 797 p. :
Other physical details ill. (some col.) ;
Dimensions 29 cm.
500 ## - GENERAL NOTE
General note Includes index.
650 #0 - SUBJECT ADDED ENTRY--TOPICAL TERM
Topical term or geographic name as entry element Architectural drawing.
650 #0 - SUBJECT ADDED ENTRY--TOPICAL TERM
Topical term or geographic name as entry element Architectural design.
700 1# - ADDED ENTRY--PERSONAL NAME
Personal name Madsen, David A.
856 42 - ELECTRONIC LOCATION AND ACCESS
Materials specified Contributor biographical information
Uniform Resource Identifier <a href="http://www.loc.gov/catdir/enhancements/fy1514/95043569-b.html">http://www.loc.gov/catdir/enhancements/fy1514/95043569-b.html</a>
856 42 - ELECTRONIC LOCATION AND ACCESS
Materials specified Publisher description
Uniform Resource Identifier <a href="http://www.loc.gov/catdir/enhancements/fy1514/95043569-d.html">http://www.loc.gov/catdir/enhancements/fy1514/95043569-d.html</a>
856 41 - ELECTRONIC LOCATION AND ACCESS
Materials specified Table of contents only
Uniform Resource Identifier <a href="http://www.loc.gov/catdir/enhancements/fy1514/95043569-t.html">http://www.loc.gov/catdir/enhancements/fy1514/95043569-t.html</a>
906 ## - LOCAL DATA ELEMENT F, LDF (RLIN)
a 7
b cbc
c orignew
d 1
e ocip
f 19
g y-gencatlg
942 ## - ADDED ENTRY ELEMENTS (KOHA)
Source of classification or shelving scheme
Koha item type Hard Covered Materials
Classification part NA 2700 .J44 1995
Holdings
Withdrawn status Lost status Source of classification or shelving scheme Damaged status Not for loan Home library Current library Shelving location Date acquired Source of acquisition Total Checkouts Full call number Barcode Date last seen Price effective from Koha item type Cost, normal purchase price
          MACHAKOS UNIVERSITY LIBRARY MACHAKOS UNIVERSITY LIBRARY Open shelf 13/07/2016 Donation (BFA)   NA 2700 .J44 1995 24017 04/06/2019 13/07/2016 Hard Covered Materials  
          MACHAKOS UNIVERSITY LIBRARY MACHAKOS UNIVERSITY LIBRARY Open shelf 22/02/2022 Donation(Damaris Kimanzi)   NA2700.J44 1996 23769 22/02/2022 22/02/2022 Hard Covered Materials 5679.00
© Machakos University Library, Along The Highway, Machakos Wote Rd, Machakos, Kenya P.O. Box 136 - 90100 Machakos - Kenya

Tel: ( +254 ) 723 805829 OR Fax : 044-20353 OR Email: library@mksu.ac.ke